Statistiche per Paesi occupati dall'Asse II Guerra Mondiale

Clicka qui per fare il quiz!

Statistiche generali

  • Questo quiz è stato fatto 140 volte
  • Il punteggio medio è 40 su 69

Statistiche sulle risposte

%Paese% Corretto
100Italia
94%
100Grecia
92%
100Norvegia
92%
100Albania
91%
86francia
91%
100Polonia
91%
100Austria
88%
30Cina
88%
10Russia
88%
100Belgio
87%
2Danimarca
86%
100Slovenia
86%
100Romania
85%
100Slovacchia
84%
100Finlandia
83%
100Serbia
83%
100Bulgaria
82%
100Libia
82%
100Lituania
82%
100Ungheria
82%
100Croazia
81%
100Estonia
81%
100Lettonia
80%
100Etiopia
79%
100Germania
78%
100Giappone
78%
100Ucraina
78%
40Egitto
77%
100Olanda
76%
100Repubblica Ceca
76%
100Eritrea
72%
100Montenegro
72%
100Tunisia
70%
100Bosnia ed Erzegovina
69%
100Somalia
69%
100Kosovo
68%
< 1Stati Uniti d'America
(Isole Aleutine / Guam)
66%
95Indonesia
63%
100Vietnam
61%
< 1Regno Unito
(Isole del Canale)
58%
100Filippine
57%
< 1India (Andamane &
Nicobare)
55%
100Moldavia
55%
100Cambogia
51%
?Laos
50%
100Monaco
48%
100Malesia
43%
100Singapore
38%
100Iraq
36%
100Taiwan
36%
< 5Sudan
33%
< 5Kenya
29%
90Papua Nuova Guinea
28%
100Brunei
27%
100Myanmar
24%
100Stati Federali della Micronesia
24%
100Timor Est
23%
?Isole Salomone
20%
100Isole Marshall
19%
100Tailandia
19%
100Nauru
17%
100Palau
17%
?Kiribati
15%
100Nord Corea
14%
100Sud Corea
14%
100Nord Macedonia
7%
100Belorussia
4%
100Luxemburgo
3%
< 1Australia
(Isola di Natale)
0%

Distribuzione punteggi

Percentile per numero di risposta

Percentuale di utenti per punteggio

I tuoi punteggi nel tempo

Non hai fatto questo quiz